| 000 | 01616cam a2200385 a 4500 | ||
|---|---|---|---|
| 001 | 2600128 | ||
| 005 | 20170105102858.0 | ||
| 008 | 971103s1998 cau b 000 0 eng | ||
| 010 | _a 97045151 | ||
| 020 | _a0804730180 (cloth : alk. paper) | ||
| 020 | _a0804730199 (pbk. : alk. paper) | ||
| 040 |
_aDLC _cDLC _dDLC |
||
| 041 | 1 |
_aeng _hfre |
|
| 050 | 0 | 0 |
_aRC509 _b.D4713 1998 |
| 082 | 0 | 0 |
_a150.19/5 _221 |
| 100 | 1 | _aDerrida, Jacques. | |
| 240 | 1 | 0 |
_aRésistances de la psychanalyse. _lEnglish |
| 245 | 1 | 0 |
_aResistances of psychoanalysis / _cJacques Derrida ; translated b Peggy Kamuf, Pascale-Anne Brault & Michael Naas. |
| 260 |
_aStanford, Calif. : _bStanford University Press, _c1998. |
||
| 300 |
_aix, 130 p. ; _c23 cm. |
||
| 490 | 1 | _aMeridian : crossing aesthetics | |
| 504 | _aIncludes bibliographical references (p. 119-128). | ||
| 600 | 1 | 0 |
_aFreud, Sigmund, _d1856-1939. |
| 600 | 1 | 0 |
_aLacan, Jacques, _d1901-1981. |
| 600 | 1 | 0 |
_aFoucault, Michel, _d1926-1984. |
| 650 | 0 | _aPsychoanalysis. | |
| 650 | 0 | _aResistance (Psychoanalysis) | |
| 830 | 0 | _aMeridian (Stanford, Calif.) | |
| 856 | 4 | 2 |
_3Publisher description _uhttp://www.loc.gov/catdir/description/cam028/97045151.html |
| 856 | 4 | 1 |
_3Table of contents _uhttp://www.loc.gov/catdir/toc/cam028/97045151.html |
| 856 | 4 | 2 |
_3Contributor biographical information _uhttp://www.loc.gov/catdir/enhancements/fy0710/97045151-b.html |
| 906 |
_a7 _bcbc _corignew _d1 _eocip _f19 _gy-gencatlg |
||
| 942 |
_2ddc _cBK |
||
| 999 |
_c14563 _d14563 |
||